00880nam a2200229 a 450000100100000000500170001000800410002704000250006810000390009324000130013224500930014526000270023830000290026549000520029450000330034650000300037970000310040970000290044083000590046995201050052899900170063300004298720201002040543.0140214s2004 pe b 001 0 spa d aDO-SdBNPbspacBNPHU1 aFernández Armesto, Felipe97049510aColumbus10aColón. /cFelipe Fernández Armesto; traducción, Juan Faci; prólogo, Hugh Thomas. a[Peru], :bABC,c2004. a317 p. :bmapa ;c21 cm.1 aBiblioteca ABCaProtagonistas de la historiav7 aIncluye índice analítico aIncluye índice de mapas1 aThomas, Hugheprol.9602891 aFaci, Juanetrad.970496 0aBiblioteca ABCgProtagonistas de la historiav7970491 001050718MOaGRbGRcCTd2014-02-14iLF1l0o p42987-10r2020-06-25w2020-06-25y1ZNo se presta c42476d42476